00750nam a2200229 a 450000500170000000800410001702000150005804100080007308200170008110000330009824500670013126000530019830000320025149000370028365000240032065000390034470000330038370000280041670000200044470000300046470000260049420140127115913.0130709b2005 ck ||||| |||| 00| 0 spa d a9588151597 aspa a634.9bV182e aVallejo Joyas, Martha Isabel aEstablecimiento de parcelas permanentes en bosques de Colombia aBogotábInstituto Alexander von Humboldtc2005 a310 p.bil., mapas.c23 cm. aColombia, diversa por naturaleza a Bosquesz Colombia 6a Conservación bosquesz Colombia aLondoño Vega, Ana Catalina aLópez Camacho, Renè aGaleano, Gloria aAlvarez Dávila, Esteban aDevia Alvarez, Wilson